000 00541nam a2200181Ia 4500
999 _c7477
_d7477
003 OSt
005 20200116105339.0
008 190216s9999||||xx |||||||||||||| ||und||
020 _a9788180546341
040 _coclc
082 _a658.1511
_bMAH/M
100 _aMaheshwari, S N
_91048
245 0 _aManagement Accounting And Financial Control /
_cS N Maheshwari
250 _a15th ed.
260 _bSulthan Chand And Sons,
_c2009.
_aNew Delhi:
300 _a2891p
942 _cBK
_2ddc
_h658.1511
_iMAH/M
_k658.1511
_mMAH/M